Decodable takehome books: (Record no. 7209)
[ view plain ]
| 000 -LEADER | |
|---|---|
| fixed length control field | 01151nam a22004217a 4500 |
| 003 - CONTROL NUMBER IDENTIFIER | |
| control field | OSt |
| 005 - DATE AND TIME OF LATEST TRANSACTION | |
| control field | 20140310181927.0 |
| 008 - FIXED-LENGTH DATA ELEMENTS--GENERAL INFORMATION | |
| fixed length control field | 130720t xxu||||| |||| 00| 0 eng d |
| 020 ## - INTERNATIONAL STANDARD BOOK NUMBER | |
| International Standard Book Number | 0075723050 |
| 050 ## - LIBRARY OF CONGRESS CALL NUMBER | |
| Classification number | LB 1573 |
| Item number | .Sc416l1 2002 |
| 082 ## - DEWEY DECIMAL CLASSIFICATION NUMBER | |
| Classification number | TRE 428.4076 |
| Item number | Sci2f 2002 |
| 110 ## - MAIN ENTRY--CORPORATE NAME | |
| Corporate name or jurisdiction name as entry element | Science Research Associates |
| 245 ## - TITLE STATEMENT | |
| Title | Decodable takehome books: |
| Remainder of title | level 1 core books 1-59 / |
| Statement of responsibility, etc | Science Research Associates |
| 260 ## - PUBLICATION, DISTRIBUTION, ETC. (IMPRINT) | |
| Place of publication, distribution, etc | Colombus, Ohio: |
| Name of publisher, distributor, etc | SRA/McGraw-Hill, |
| Date of publication, distribution, etc | c2002. |
| 300 ## - PHYSICAL DESCRIPTION | |
| Extent | 272 p. : |
| Other physical details | ill. : col. ; |
| Dimensions | 28 cm. |
| 521 ## - TARGET AUDIENCE NOTE | |
| Target audience note | |
| 541 ## - IMMEDIATE SOURCE OF ACQUISITION NOTE | |
| -- | 1 |
| 541 ## - IMMEDIATE SOURCE OF ACQUISITION NOTE | |
| -- | 2 |
| 541 ## - IMMEDIATE SOURCE OF ACQUISITION NOTE | |
| -- | 3 |
| 541 ## - IMMEDIATE SOURCE OF ACQUISITION NOTE | |
| -- | 4 |
| 541 ## - IMMEDIATE SOURCE OF ACQUISITION NOTE | |
| -- | 5 |
| 541 ## - IMMEDIATE SOURCE OF ACQUISITION NOTE | |
| -- | 6 |
| 541 ## - IMMEDIATE SOURCE OF ACQUISITION NOTE | |
| -- | 7 |
| 541 ## - IMMEDIATE SOURCE OF ACQUISITION NOTE | |
| -- | 8 |
| 541 ## - IMMEDIATE SOURCE OF ACQUISITION NOTE | |
| -- | 9 |
| 541 ## - IMMEDIATE SOURCE OF ACQUISITION NOTE | |
| -- | 10 |
| 541 ## - IMMEDIATE SOURCE OF ACQUISITION NOTE | |
| -- | 11 |
| 541 ## - IMMEDIATE SOURCE OF ACQUISITION NOTE | |
| -- | 12 |
| 541 ## - IMMEDIATE SOURCE OF ACQUISITION NOTE | |
| -- | 13 |
| 541 ## - IMMEDIATE SOURCE OF ACQUISITION NOTE | |
| -- | 14 |
| 541 ## - IMMEDIATE SOURCE OF ACQUISITION NOTE | |
| -- | 15 |
| 562 ## - COPY AND VERSION IDENTIFICATION NOTE | |
| Number of copies | 15 |
| 610 ## - SUBJECT ADDED ENTRY--CORPORATE NAME | |
| Corporate name or jurisdiction name as entry element | Science Research Associates |
| 650 ## - SUBJECT ADDED ENTRY--TOPICAL TERM | |
| Topical term or geographic name as entry element | Reading |
| General subdivision | Ability testing. |
| 9 (RLIN) | 2416 |
| 650 ## - SUBJECT ADDED ENTRY--TOPICAL TERM | |
| Topical term or geographic name as entry element | Word recognition. |
| 9 (RLIN) | 268 |
| 650 ## - SUBJECT ADDED ENTRY--TOPICAL TERM | |
| Topical term or geographic name as entry element | Reading |
| General subdivision | Visual perception. |
| 9 (RLIN) | 2417 |
| 942 ## - ADDED ENTRY ELEMENTS (KOHA) | |
| Source of classification or shelving scheme | Library of Congress Classification |
| Koha item type | |
| Call number prefix | |
| Withdrawn status | Lost status | Source of classification or shelving scheme | Damaged status | Home library | Current library | Shelving location | Date acquired | Total Checkouts | Full call number | Barcode | Date last seen | Copy number | Price effective from | Koha item type | Source of acquisition | Total Renewals | Date checked out |
|---|---|---|---|---|---|---|---|---|---|---|---|---|---|---|---|---|---|
| Library of Congress Classification | Luxembourg Library | Luxembourg Library | Teachers Reference Section | 07/20/2013 | LB 1573 .Sc416l1 2002 | 12665 | 08/13/2013 | 1 | 07/20/2013 | Books | |||||||
| Library of Congress Classification | Luxembourg Library | Luxembourg Library | Teachers Reference Section | 07/20/2013 | LB 1573 .Sc416l1 2002 | 12668 | 08/13/2013 | 2 | 07/20/2013 | Books | |||||||
| Library of Congress Classification | Luxembourg Library | Luxembourg Library | Teachers Reference Section | 07/20/2013 | LB 1573 .Sc416l1 2002 | 12670 | 08/13/2013 | 3 | 07/20/2013 | Books | Donation | ||||||
| Library of Congress Classification | Luxembourg Library | Luxembourg Library | Teachers Reference Section | 07/20/2013 | LB 1573 .Sc416l1 2002 | 12671 | 08/13/2013 | 5 | 07/20/2013 | Books | |||||||
| Library of Congress Classification | Luxembourg Library | Luxembourg Library | Teachers Reference Section | 07/20/2013 | LB 1573 .Sc416l1 2002 | 12672 | 08/13/2013 | 6 | 07/20/2013 | Books | |||||||
| Library of Congress Classification | Luxembourg Library | Luxembourg Library | Teachers Reference Section | 07/20/2013 | LB 1573 .Sc416l1 2002 | 12673 | 08/13/2013 | 7 | 07/20/2013 | Books | |||||||
| Library of Congress Classification | Luxembourg Library | Luxembourg Library | Teachers Reference Section | 07/20/2013 | LB 1573 .Sc416l1 2002 | 12674 | 08/13/2013 | 8 | 07/20/2013 | Books | |||||||
| Library of Congress Classification | Luxembourg Library | Luxembourg Library | Teachers Reference Section | 07/20/2013 | LB 1573 .Sc416l1 2002 | 12675 | 08/13/2013 | 9 | 07/20/2013 | Books | |||||||
| Library of Congress Classification | Luxembourg Library | Luxembourg Library | Teachers Reference Section | 07/20/2013 | LB 1573 .Sc416l1 2002 | 12676 | 08/13/2013 | 10 | 07/20/2013 | Books | |||||||
| Library of Congress Classification | Luxembourg Library | Luxembourg Library | Teachers Reference Section | 07/20/2013 | LB 1573 .Sc416l1 2002 | 12677 | 08/13/2013 | 11 | 07/20/2013 | Books | |||||||
| Library of Congress Classification | Luxembourg Library | Luxembourg Library | Teachers Reference Section | 07/20/2013 | LB 1573 .Sc416l1 2002 | 12678 | 08/13/2013 | 12 | 07/20/2013 | Books | |||||||
| Library of Congress Classification | Luxembourg Library | Luxembourg Library | Teachers Reference Section | 07/20/2013 | LB 1573 .Sc416l1 2002 | 12679 | 08/13/2013 | 13 | 07/20/2013 | Books | |||||||
| Library of Congress Classification | Luxembourg Library | Luxembourg Library | Teachers Reference Section | 07/20/2013 | 1 | LB 1573 .Sc416l1 2002 | 12680 | 04/05/2018 | 14 | 07/20/2013 | Books | 1 | 01/10/2018 | ||||
| Library of Congress Classification | Luxembourg Library | Luxembourg Library | Teachers Reference Section | 07/20/2013 | LB 1573 .Sc416l1 2002 | 12681 | 08/13/2013 | 15 | 07/20/2013 | Books |